000 00263nam a22001097a 4500
082 _a668.42 WIN'P
100 _aWINDING, CHARLES C,HIATT, GORDON D
_980338
245 _aPOLYMERIC MATERIALS
260 _aNEWYORK
_bMCGRAW HILL
_c1961
300 _a406P
942 _cBK
999 _c585291
_d585291